Logo BPK

Biblioteka

Politechniki Koszalińskiej

Oresteia / (Rekord nr 48703)

Szczegóły MARC
000 -ETYKIETA REKORDU
podpole kontrolne o stałej długości 00743nam a2200229 i 4500
001 - NUMER KONTROLNY REKORDU
pole kontrolne bgj
040 ## - ŹRÓDŁO KATALOGOWANIA
Instytucja, która utworzyła rekord BPK
041 0# - KOD JĘZYKA
Kod języka tekstu eng
Kod języka oryginału gre
008 - POLE O STAŁEJ DŁUGOŚCI - DANE KONTROLNE
podpole kontrolne o stałej długości s uk f |000 0 eng
100 1# - NAZWA OSOBOWA
Nazwa osobowa AESCHYLUS,
Daty związane z nazwą (525-456 B.C.).
245 10 - TYTUŁ/ODPOWIEDZIALNOŚĆ
Tytuł Oresteia /
Pozostałe elementy strefy tytułu i oznaczenia odpowiedzialności Aeschylus ; translated with an introduction by Richmond Lattimore.
260 ## - STREFA ADRESU WYDAWNICZEGO
Miejsce wydania New York :
Nazwa wydawcy/dystrybutora Washington Square Press,
Data publikacji, dystrybucji/powstania dokumentu 1973.
300 ## - STREFA OPISU FIZYCZNEGO
Objętość 185 pp ;
Rozmiary 18 cm.
490 1# - STREFA SERII I DOKUMENTU WIELOCZĘŚCIOWEGO - FORMA NIE DO WYSZUKIWANIA
Tytuł i oznaczenie odpowiedzialności serii The Complete Greek Tragedies. Pocket Books
650 #9 - HASŁO PRZEDMIOTOWE W FORMIE NAZWY OGÓLNEJ LUB JEDNOSTKOWEJ
Nazwa ogólna lub geograficzna Greek drama (|Tragedy)
Określnik ogólny Translations into English
700 1# - HASŁO DODATKOWE - NAZWA OSOBOWA
Nazwa osobowa LATTIMORE, Richmond.
Określenie związku między hasłem a opisywanym materiałem trans.
740 02 - HASŁO DODATKOWE - TYTUŁ DOKUMENTU ZWIAZANEGO/TYTUŁ PRACY WSPÓŁWYDANEJ
Tytuł Agamemnon
740 02 - HASŁO DODATKOWE - TYTUŁ DOKUMENTU ZWIAZANEGO/TYTUŁ PRACY WSPÓŁWYDANEJ
Tytuł The Libation Bearers
740 02 - HASŁO DODATKOWE - TYTUŁ DOKUMENTU ZWIAZANEGO/TYTUŁ PRACY WSPÓŁWYDANEJ
Tytuł The Eumenides
830 #0 - HASŁO DODATKOWE SERII LUB DOKUMENTU WIELOCZĘŚCIOWEGO - TYTUŁ UJEDNOLICONY
Tytuł ujednolicony The Complete Greek Tragedies.
Nazwa części/sekcji dzieła Pocket Books
856 ## - LOKALIZACJA I DOSTĘP DO ELEKTRONICZNYCH DOKUMENTÓW ZDALNYCH
Link (URL) http://koha.tu.koszalin.pl/cgi-bin/koha/opac-detail.pl?biblionumber=48703
Tekst linku Katalog online BPK
942 ## - DODATKOWE ELEMENTY (KOHA)
Typ dokumentu Książka
Egzemplarze
Wycofany Status egzemplarza Uszkodzony Dostępność Lokalizacja stała Lokalizacja bieżąca Miejsce przechowywania Sygnatura Kod kreskowy Typ dokumentu
      Dostępny Biblioteka Politechniki Koszalińskiej Biblioteka Politechniki Koszalińskiej Wypożyczalnia Językowa KA 6013 09052086 Książka
© 2023 Biblioteka Politechniki Koszalińskiej :: KOHA